| 000 | 00687nam a2200193Ii 4500 | ||
|---|---|---|---|
| 003 | JO-AjNU | ||
| 008 | 230605s9999||||xx |||||||||||||| ||und|| | ||
| 040 |
_aJO-AjNU _bara _erda _cJO-AjNU |
||
| 041 | _aara | ||
| 050 | 1 | 4 | _aBP80.S2.Z3 |
| 100 | 3 |
_aزيتون، محمد محمود, _eauthor _938781 |
|
| 245 | 0 | 0 | _aالحافظ السلفي أشهر علماء الزمان( 470-576هجري) |
| 264 | 3 | 1 | _aالاسكندرية:مؤسسة شباب الجامعة ،د.ت |
| 300 | _a316ص | ||
| 336 |
_atext _btxt _2rdacontent |
||
| 337 |
_aunmediated _bn _2rdamedia |
||
| 338 |
_avolume _bnc _2rdacarrier |
||
| 650 | 4 |
_aالحديث-تراجم-السلفي،احمد بن محمد _938782 |
|
| 999 |
_aA16322 _c19890 _d19890 |
||